| 000 | 00620cab a2200217 4500 | ||
|---|---|---|---|
| 001 | ABS54788 | ||
| 008 | 090401t1996 xxu||||| |||| 00| 0 eng d | ||
| 035 | _a(Sirsi) u12261 | ||
| 041 | _aeng | ||
| 100 | _aHughes, C. | ||
| 245 | _aCross-examination: an inspector`s view of practice | ||
| 260 | _c1996 | ||
| 350 | _a0 | ||
| 490 |
_aPlanning Inspectorate Journal _v(3) Spring 1996, 6-8(3) |
||
| 520 | _aExamines the process of cross-examinations in planning inquiries. | ||
| 650 | _aCROSS-EXAMINATION | ||
| 650 | _aPLANNING INQUIRIES | ||
| 690 | _aPLANNING LAW AND PRACTICE | ||
| 942 | _n0 | ||
| 948 | _c04/03/1997 | ||
| 999 |
_c7848 _d7848 |
||